<The> Marshall Plan Revisited <the> European Recovery Program in Economic Perspective
Enregistré dans:
| Auteur principal: | |
|---|---|
| Format: | Livre |
| Langue: | anglais |
| Publié: |
Westport
Greenwood Press
1983
|
| Édition: | 1. ed. |
| Collection: | Contributions in Economics and Economic History
No. 55 |
| Sujets: | |
| Tags: |
Pas de tags, Soyez le premier à ajouter un tag!
|
MARC
| LEADER | 00000nam a2200000 4500 | ||
|---|---|---|---|
| 001 | c019703 | ||
| 005 | 20221207073908.6 | ||
| 020 | |a 0-313-24011-6 | ||
| 041 | 0 | |a eng | |
| 044 | |a US | ||
| 245 | 1 | 0 | |a <The> Marshall Plan Revisited |b <the> European Recovery Program in Economic Perspective |c Imanuel Wexler |
| 250 | |a 1. ed. | ||
| 264 | 1 | |a Westport |b Greenwood Press |c 1983 | |
| 300 | |a 327 s. | ||
| 490 | 1 | |a Contributions in Economics and Economic History |v No. 55 | |
| 830 | 0 | |a Contributions in Economics and Economic History |v No. 55 | |
| 610 | 2 | 0 | |a situácia hospodárska |
| 610 | 2 | 0 | |a vzťahy hospodárske medzinárodné |
| 610 | 2 | 0 | |a politika hospodárska medzinárodná |
| 610 | 2 | 0 | |a spolupráca hospodárska medzinárodná |
| 610 | 2 | 0 | |a stratégia hospodárska |
| 610 | 2 | 0 | |a integrácia ekonomická medzinárodná |
| 610 | 2 | 0 | |a pomoc hospodárska |
| 610 | 2 | 0 | |a kríza hospodárska |
| 610 | 2 | 0 | |a kríza finančná |
| 610 | 2 | 0 | |a únie hospodárske |
| 610 | 2 | 0 | |a politika |
| 610 | 2 | 0 | |a diplomacia |
| 610 | 2 | 0 | |a Amerika |
| 610 | 2 | 0 | |a Európa |
| 610 | 2 | 0 | |a 1947-1952 |
| 610 | 2 | 0 | |a Marshallov plán |
| 100 | 1 | |a Wexler, Imanuel | |